[Event "4NCL Division 2c"]
[Site "Birmingham, ENG"]
[Date "2016.03.20"]
[Round "8.211"]
[White "Sands, David A"]
[Black "Walker, David J"]
[Result "1/2-1/2"]
[WhiteElo "2142"]
[BlackElo "2308"]
[PlyCount "41"]
[EventDate "2016.03.20"]
[WhiteTeam "Barbican 4NCL Youth"]
[BlackTeam "North East England"]

1. d4 Nf6 2. c4 e6 3. Nc3 Bb4 4. e3 O-O 5. Nge2 d5 6. a3 Bd6 7. Ng3 c6 8. Qc2
e5 9. dxe5 Bxe5 10. Be2 Be6 11. b3 Ng4 12. Bb2 Qh4 13. Bxg4 Qxg4 14. cxd5 cxd5
15. Nce2 Rc8 16. Qd2 Bxb2 17. Qxb2 Qg6 18. O-O Rc2 19. Qb1 Rc7 20. Qxg6 hxg6
21. Nd4 1/2-1/2

[Event "4NCL Division 2c"]
[Site "Birmingham, ENG"]
[Date "2016.03.20"]
[Round "8.212"]
[White "Dunn, Andrew"]
[Black "Goldie, Thomas"]
[Result "1/2-1/2"]
[WhiteElo "2245"]
[BlackElo "2191"]
[PlyCount "104"]
[EventDate "2016.03.20"]
[WhiteTeam "North East England"]
[BlackTeam "Barbican 4NCL Youth"]

1. d4 Nf6 2. c4 g6 3. Nc3 Bg7 4. e4 d6 5. f3 O-O 6. Be3 Nc6 7. Qd2 a6 8. Nge2
Bd7 9. d5 Ne5 10. Nd4 c5 11. dxc6 bxc6 12. Be2 Qa5 13. O-O Rab8 14. Rab1 Rfd8
15. h3 c5 16. Nc2 Be6 17. b3 Nh5 18. Nd5 Qxa2 19. f4 Nc6 20. Bxh5 gxh5 21. f5
Bxd5 22. exd5 Ne5 23. Na1 Qxd2 24. Bxd2 Bf6 25. Rbe1 Kg7 26. Re2 h6 27. Bc3 Rg8
28. Ra2 Ra8 29. Nc2 Kh7 30. Bxe5 Bxe5 31. Rf3 Rg5 32. Kf1 h4 33. Ne1 Bg3 34.
Re2 Ra7 35. Nd3 Kg7 36. Rxe7 Rxe7 37. f6+ Kf8 38. fxe7+ Kxe7 39. b4 cxb4 40.
Nxb4 a5 41. Nc6+ Kf8 42. Ke2 Bh2 43. Nxa5 Rxg2+ 44. Rf2 Rxf2+ 45. Kxf2 f5 46.
Nc6 Kf7 47. Kf3 Kf6 48. Ke3 Bg1+ 49. Kf3 Bh2 50. Ke3 Bg1+ 51. Kf3 Bh2 52. Ke3
Bg1+ 1/2-1/2

[Event "4NCL Division 2c"]
[Site "Birmingham, ENG"]
[Date "2016.03.20"]
[Round "8.213"]
[White "Moss, Guy"]
[Black "Coathup, Roger H"]
[Result "1/2-1/2"]
[WhiteElo "2155"]
[BlackElo "2147"]
[PlyCount "84"]
[EventDate "2016.03.20"]
[WhiteTeam "Barbican 4NCL Youth"]
[BlackTeam "North East England"]

1. e4 c5 2. Nf3 e6 3. d4 cxd4 4. Nxd4 a6 5. Nc3 b5 6. a3 Bb7 7. Be2 Qc7 8. O-O
Nf6 9. Bf3 d6 10. g3 Nbd7 11. Bg2 Be7 12. f4 O-O 13. f5 e5 14. Nb3 Nc5 15. Nxc5
dxc5 16. Qe2 Rfd8 17. Be3 Bc6 18. Rfd1 Qb7 19. Bg5 Rac8 20. Rxd8+ Rxd8 21. Rd1
c4 22. h4 Qb6+ 23. Kh2 Rxd1 24. Qxd1 Bb7 25. Bxf6 Bxf6 26. Nd5 Qd4 27. Nxf6+
gxf6 28. Qxd4 exd4 29. Kg1 Kf8 30. Kf2 Ke7 31. Kf3 Kd6 32. Kf4 a5 33. c3 Kc5
34. Bf1 d3 35. Ke3 h6 36. g4 Bc6 37. Bg2 Bb7 38. Bf3 Bc6 39. Kf4 Kd6 40. Bd1
Bb7 41. Bf3 Bc6 42. Bd1 Bb7 1/2-1/2

[Event "4NCL Division 2c"]
[Site "Birmingham, ENG"]
[Date "2016.03.20"]
[Round "8.214"]
[White "Henderson, David"]
[Black "Stewart, Ashley"]
[Result "1/2-1/2"]
[WhiteElo "2132"]
[BlackElo "2080"]
[PlyCount "49"]
[EventDate "2016.03.20"]
[WhiteTeam "North East England"]
[BlackTeam "Barbican 4NCL Youth"]

1. e4 c5 2. c3 d5 3. exd5 Qxd5 4. d4 g6 5. Nf3 Bg7 6. Be3 cxd4 7. cxd4 Qa5+ 8.
Nc3 Nh6 9. Bc4 O-O 10. O-O Nf5 11. Qb3 Nc6 12. d5 Ne5 13. Nxe5 Bxe5 14. Rfe1
Bd6 15. Ne4 Bb4 16. Red1 Nd6 17. Bd3 Nxe4 18. Bxe4 Bd6 19. Rac1 Bd7 20. Qxb7
Bg4 21. f3 Rfb8 22. Qc6 Rc8 23. Qb7 Rcb8 24. Qc6 Rc8 25. Qb7 1/2-1/2

[Event "4NCL Division 2c"]
[Site "Birmingham, ENG"]
[Date "2016.03.20"]
[Round "8.215"]
[White "Klingher, Dominic"]
[Black "Waters, Clive L"]
[Result "1-0"]
[WhiteElo "2020"]
[BlackElo "2207"]
[PlyCount "77"]
[EventDate "2016.03.20"]
[WhiteTeam "Barbican 4NCL Youth"]
[BlackTeam "North East England"]

1. e4 e6 2. d3 d5 3. Nd2 Nf6 4. Ngf3 Be7 5. g3 O-O 6. Bg2 c5 7. O-O Nc6 8. Re1
b5 9. e5 Nd7 10. Nf1 a5 11. h4 a4 12. N1h2 b4 13. h5 a3 14. b3 Nd4 15. Nxd4
cxd4 16. Qg4 f5 17. Qxd4 Ba6 18. Bd2 Bc5 19. Qf4 Rc8 20. Re2 Qb6 21. Nf3 Nb8
22. h6 g6 23. Ng5 Rfe8 24. g4 Rf8 25. Rb1 Be7 26. Be3 Qc6 27. Qg3 Qd7 28. Kh2
Nc6 29. Nf3 fxg4 30. Qxg4 Rf5 31. Bh3 Rcf8 32. Nd4 Nxe5 33. Qg2 Nf3+ 34. Nxf3
Rxf3 35. Bd4 Qc7+ 36. Kg1 Bc8 37. Bxe6+ Bxe6 38. Rxe6 Re8 39. Qxf3 1-0

[Event "4NCL Division 2c"]
[Site "Birmingham, ENG"]
[Date "2016.03.20"]
[Round "8.216"]
[White "Dalton, Joseph"]
[Black "Keen, Cosima"]
[Result "0-1"]
[WhiteElo "2035"]
[BlackElo "1924"]
[PlyCount "121"]
[EventDate "2016.03.20"]
[WhiteTeam "North East England"]
[BlackTeam "Barbican 4NCL Youth"]

1. d4 d5 2. Nf3 Nf6 3. e3 e6 4. Bd3 Be7 5. O-O O-O 6. b3 b6 7. Bb2 Bb7 8. c4 c5
9. Nbd2 Nbd7 10. Rc1 Rc8 11. Qe2 dxc4 12. bxc4 Re8 13. Rfd1 Rc7 14. Nb3 Qa8 15.
Ne1 a5 16. f3 a4 17. Nd2 cxd4 18. exd4 Bd6 19. Ne4 Bf4 20. Rc2 a3 21. Bc1 Bxc1
22. Rcxc1 Nxe4 23. Bxe4 Nf6 24. Bxb7 Rxb7 25. Qd3 Qa4 26. Rc3 Rc8 27. Rxa3 Qd7
28. Rb1 Ra7 29. Rbb3 Rxa3 30. Rxa3 h6 31. Nc2 Ne8 32. Nb4 Nd6 33. c5 Nb5 34.
Ra6 Nxd4 35. Rxb6 e5 36. Na6 Qa4 37. Rb2 g6 38. f4 Rc6 39. Nb4 Rxc5 40. fxe5
Ne6 41. Qe3 Rc4 42. Nd3 Re4 43. Qf2 Nf4 44. Rd2 Qc4 45. Qf1 Rd4 46. e6 fxe6 47.
Rf2 Qxd3 48. Rxf4 Qe3+ 49. Rf2 Rd2 50. g3 Rxa2 51. Kg2 Rxf2+ 52. Qxf2 Qxf2+ 53.
Kxf2 Kf7 54. Kf3 Kf6 55. Ke4 h5 56. h3 e5 57. g4 hxg4 58. hxg4 Kg5 59. Kf3 Kh4
60. Ke4 Kxg4 61. Kxe5 0-1

[Event "4NCL Division 2c"]
[Site "Birmingham, ENG"]
[Date "2016.03.20"]
[Round "8.217"]
[White "Webster, Alex"]
[Black "Moreby, James"]
[Result "0-1"]
[WhiteElo "1885"]
[BlackElo "2005"]
[PlyCount "90"]
[EventDate "2016.03.20"]
[WhiteTeam "Barbican 4NCL Youth"]
[BlackTeam "North East England"]

1. e4 c5 2. d4 cxd4 3. c3 dxc3 4. Nxc3 Nc6 5. Nf3 d6 6. Bc4 a6 7. O-O Nf6 8.
Bf4 e6 9. Qe2 Qc7 10. Rac1 Qb8 11. Rfd1 e5 12. Be3 Be7 13. a3 O-O 14. h3 Bd7
15. b4 b5 16. Bb3 Qb7 17. g4 Be6 18. Bxe6 fxe6 19. Ng5 Qd7 20. Qa2 Nd8 21. Bb6
Re8 22. Nf3 Nc6 23. Ng5 Bf8 24. Rd2 h6 25. Nf3 Rac8 26. Rdd1 Qf7 27. Kg2 Qb7
28. Be3 Nd8 29. Qb1 Nf7 30. g5 hxg5 31. Nxg5 Nxg5 32. Bxg5 Rxc3 33. Rxc3 Nxe4
34. Rc7 Qxc7 35. Qxe4 d5 36. Qe2 e4 37. Qd2 Qf7 38. Bf4 e5 39. Bg3 d4 40. Re1
Rc8 41. Bxe5 e3 42. fxe3 Qd5+ 43. Kf1 Qxe5 44. exd4 Qf5+ 45. Kg1 Rc2 0-1

[Event "4NCL Division 2c"]
[Site "Birmingham, ENG"]
[Date "2016.03.20"]
[Round "8.218"]
[White "Robson, Paul E"]
[Black "Golding, William"]
[Result "1-0"]
[WhiteElo "1900"]
[BlackElo "1622"]
[PlyCount "57"]
[EventDate "2016.03.20"]
[WhiteTeam "North East England"]
[BlackTeam "Barbican 4NCL Youth"]

1. e4 e6 2. Qe2 d5 3. exd5 Qxd5 4. Nc3 Qd8 5. Nf3 Be7 6. d4 Nf6 7. Bg5 Nc6 8.
O-O-O O-O 9. h4 h6 10. Bxf6 Bxf6 11. d5 Bxc3 12. dxc6 Qf6 13. bxc3 Qxc3 14. Qc4
Qa1+ 15. Kd2 Rd8+ 16. Bd3 Qf6 17. Qe4 bxc6 18. Qxc6 Rb8 19. Rb1 Bd7 20. Qc3
Qf4+ 21. Ke2 Bb5 22. Rxb5 Rxb5 23. Bxb5 Qe4+ 24. Kf1 Qf5 25. Bd3 Qf4 26. g3 Qd6
27. Kg2 f5 28. Re1 Re8 29. Bxf5 1-0

[Event "4NCL Division 2c"]
[Site "Birmingham, ENG"]
[Date "2016.03.20"]
[Round "8.221"]
[White "Hoffmann, Hendrik"]
[Black "Buckley, David E"]
[Result "1/2-1/2"]
[WhiteElo "2280"]
[BlackElo "2267"]
[PlyCount "25"]
[EventDate "2016.03.20"]
[WhiteTeam "Celtic Tigers 1"]
[BlackTeam "Downend & Fishponds"]

1. e4 e6 2. d4 d5 3. Nd2 c5 4. exd5 Qxd5 5. Ngf3 cxd4 6. Bc4 Qd6 7. O-O Nf6 8.
Nb3 Nc6 9. Nbxd4 Nxd4 10. Qxd4 Bd7 11. Bf4 Qxd4 12. Nxd4 Rc8 13. Bb3 1/2-1/2

[Event "4NCL Division 2c"]
[Site "Birmingham, ENG"]
[Date "2016.03.20"]
[Round "8.222"]
[White "Russell, Christopher"]
[Black "Maciol, Ryszard"]
[Result "1/2-1/2"]
[WhiteElo "2108"]
[BlackElo "2178"]
[PlyCount "93"]
[EventDate "2016.03.20"]
[WhiteTeam "Downend & Fishponds"]
[BlackTeam "Celtic Tigers 1"]

1. e4 e6 2. d4 d5 3. Nc3 Bb4 4. e5 b6 5. a3 Bf8 6. Nf3 Ba6 7. Bxa6 Nxa6 8. Qd3
Nb8 9. Ne2 Nc6 10. O-O Qd7 11. Bd2 Nge7 12. Rfc1 g6 13. c4 Bg7 14. cxd5 Nxd5
15. Nc3 Nde7 16. Bg5 O-O-O 17. Bxe7 Nxe7 18. Nb5 Nd5 19. Nxa7+ Kb7 20. Nc6 Ra8
21. a4 Bh6 22. Rc2 Nf4 23. Qc4 Qd5 24. Qxd5 Nxd5 25. b4 b5 26. Na5+ Kc8 27.
axb5 Nxb4 28. Rb2 Nd5 29. g4 Kd7 30. g5 Bf8 31. Nb3 Rxa1+ 32. Nxa1 Be7 33. Nb3
Rb8 34. Nc5+ Kd8 35. Rb3 Ra8 36. Na6 Ra7 37. h4 c6 38. Nb8 Ra1+ 39. Kh2 cxb5
40. Nc6+ Kc7 41. Nxe7 Nxe7 42. Rxb5 Ra4 43. Kh3 Ra2 44. Kg2 Nf5 45. Rc5+ Kd7
46. Rc3 Re2 47. Ra3 1/2-1/2

[Event "4NCL Division 2c"]
[Site "Birmingham, ENG"]
[Date "2016.03.20"]
[Round "8.223"]
[White "Kemp, Peter D"]
[Black "Garcia-Ruiz Fuentes, Aitor"]
[Result "0-1"]
[WhiteElo "2144"]
[BlackElo "2022"]
[PlyCount "88"]
[EventDate "2016.03.20"]
[WhiteTeam "Celtic Tigers 1"]
[BlackTeam "Downend & Fishponds"]

1. d4 Nf6 2. Nf3 g6 3. g3 Bg7 4. Bg2 O-O 5. O-O d6 6. c4 Nc6 7. Nc3 a6 8. b3
Rb8 9. Nd5 Nh5 10. Bb2 e6 11. Nc3 b5 12. cxb5 axb5 13. Rc1 b4 14. Na4 Ne7 15.
Qc2 Ba6 16. Ne1 Bh6 17. Rd1 f5 18. Nd3 Nf6 19. Rfe1 Ned5 20. e3 Qe7 21. a3 bxa3
22. Bxa3 Ne4 23. f4 Bb7 24. Ne5 Qg7 25. Nc4 g5 26. Kh1 Ndf6 27. Nc3 Kh8 28.
Nxe4 Nxe4 29. d5 Nf6 30. dxe6 Bxg2+ 31. Kxg2 gxf4 32. exf4 Bxf4 33. Bb2 Qg6 34.
Rf1 Bg5 35. Qxf5 Kg7 36. Qd3 Rbe8 37. h4 Bh6 38. Qxg6+ Kxg6 39. h5+ Nxh5 40.
Rxf8 Bxf8 41. Re1 Ng7 42. Re4 Rxe6 43. Bxg7 Rxe4 44. Bxf8 Re6 0-1

[Event "4NCL Division 2c"]
[Site "Birmingham, ENG"]
[Date "2016.03.20"]
[Round "8.224"]
[White "Savory, Richard J"]
[Black "Pedersen, Carsten"]
[Result "1/2-1/2"]
[WhiteElo "2087"]
[BlackElo "2154"]
[PlyCount "65"]
[EventDate "2016.03.20"]
[WhiteTeam "Downend & Fishponds"]
[BlackTeam "Celtic Tigers 1"]

1. e4 e6 2. d4 d5 3. Nd2 Nf6 4. e5 Nfd7 5. Bd3 c5 6. c3 Nc6 7. Ne2 cxd4 8. cxd4
f6 9. exf6 Nxf6 10. Nf3 Bd6 11. O-O Qc7 12. h3 O-O 13. Be3 Bd7 14. a3 Rac8 15.
Rc1 Be8 16. Ng5 Qe7 17. f4 h6 18. Nf3 Bh5 19. g4 Be8 20. Ne5 Bxe5 21. fxe5 Nh7
22. b4 a6 23. Qc2 Rxf1+ 24. Rxf1 Nf8 25. Nf4 Na7 26. Qb3 Qd7 27. Qb2 Qe7 28.
Rc1 Rxc1+ 29. Qxc1 Bb5 30. Bxb5 Nxb5 31. a4 Na7 32. Nd3 Qd7 33. Qc2 1/2-1/2

[Event "4NCL Division 2c"]
[Site "Birmingham, ENG"]
[Date "2016.03.20"]
[Round "8.225"]
[White "Quinn, John M"]
[Black "Fry, Charles A"]
[Result "1-0"]
[WhiteElo "2130"]
[BlackElo "2099"]
[PlyCount "121"]
[EventDate "2016.03.20"]
[WhiteTeam "Celtic Tigers 1"]
[BlackTeam "Downend & Fishponds"]

1. d4 d5 2. c4 c6 3. Nf3 Nf6 4. Nc3 dxc4 5. a4 Bf5 6. e3 e6 7. Bxc4 Bb4 8. O-O
O-O 9. Qe2 Bg6 10. Ne5 Nbd7 11. Nxg6 hxg6 12. Rd1 Qa5 13. Bd2 Rfd8 14. Bb3 Rac8
15. e4 Qb6 16. Be1 Nf8 17. a5 Bxa5 18. Rxa5 Qxb3 19. e5 Ne8 20. Ne4 Rd5 21. Nc5
Qb6 22. Ra3 Qb5 23. Qxb5 cxb5 24. Nxb7 Rd7 25. Na5 Nc7 26. Rc3 Ra8 27. Rdc1 Nd5
28. Rc8 Rd8 29. Rxa8 Rxa8 30. g3 Nd7 31. Kf1 N7b6 32. b3 Kf8 33. Ke2 Ke8 34.
Nb7 a6 35. Ba5 Kd7 36. Nc5+ Ke7 37. Ne4 Kd7 38. Nc5+ Ke7 39. Ne4 Kd7 40. h4 Ra7
41. Kd2 Ra8 42. Ra1 Ke7 43. Rc1 Kd7 44. Kd3 Ra7 45. Ra1 Ke7 46. Nd6 Ra8 47. Rc1
f6 48. f4 Rb8 49. Bxb6 Nxb6 50. Rc7+ Nd7 51. Nb7 Ke8 52. Kc3 Ra8 53. Kb4 Rb8
54. Ka5 Ra8 55. Rc6 Nb8 56. Rxe6+ Kd7 57. Nc5+ Kc7 58. d5 fxe5 59. fxe5 Kc8 60.
Re7 Kd8 61. Rxg7 1-0

[Event "4NCL Division 2c"]
[Site "Birmingham, ENG"]
[Date "2016.03.20"]
[Round "8.226"]
[White "Meadows, Michael"]
[Black "Stevenson, James"]
[Result "1/2-1/2"]
[WhiteElo "1975"]
[BlackElo "2073"]
[PlyCount "47"]
[EventDate "2016.03.20"]
[WhiteTeam "Downend & Fishponds"]
[BlackTeam "Celtic Tigers 1"]

1. e4 c5 2. Nf3 d6 3. d4 cxd4 4. Nxd4 Nf6 5. Nc3 a6 6. f3 e5 7. Nb3 Be6 8. Be3
Be7 9. Qd2 d5 10. exd5 Nxd5 11. Nxd5 Qxd5 12. Qxd5 Bxd5 13. O-O-O Be6 14. Nc5
Bxc5 15. Bxc5 Nd7 16. Bd6 Rc8 17. Kb1 f6 18. Bd3 Nc5 19. Bxc5 Rxc5 20. Be4 Rc7
21. Rd6 Ke7 22. Rb6 Bc8 23. Rd1 g6 24. Rd5 1/2-1/2

[Event "4NCL Division 2c"]
[Site "Birmingham, ENG"]
[Date "2016.03.20"]
[Round "8.227"]
[White "Way, Julian M"]
[Black "French, Max"]
[Result "1-0"]
[WhiteElo "1999"]
[BlackElo "1930"]
[PlyCount "85"]
[EventDate "2016.03.20"]
[WhiteTeam "Celtic Tigers 1"]
[BlackTeam "Downend & Fishponds"]

1. d4 Nf6 2. e3 e6 3. Bd3 d5 4. Nd2 b6 5. Qe2 Bb7 6. Ngf3 Nbd7 7. b3 Ne4 8. Bb2
Bd6 9. a3 O-O 10. h4 a5 11. Ng5 Ndf6 12. Ndf3 a4 13. Ne5 axb3 14. cxb3 Qe7 15.
b4 c5 16. O-O h6 17. Nxe4 Nxe4 18. g3 cxb4 19. axb4 Bxb4 20. Ba6 Bxa6 21. Rxa6
Qb7 22. Rfa1 Nd6 23. R1a4 Ba5 24. Rxa8 Rxa8 25. Ba3 Ne4 26. Bb4 Bxb4 27. Rxb4
Ra1+ 28. Kg2 Ra5 29. Qc2 b5 30. f3 Nd6 31. Qc5 Nf5 32. Rb3 h5 33. Kh3 Ne7 34.
g4 f6 35. Nd3 Kf7 36. Nf4 hxg4+ 37. fxg4 e5 38. Nd3 Ke6 39. Qb4 Qb6 40. Nc5+
Kf7 41. Nd7 Qc7 42. Rc3 Nc6 43. Qf8+ 1-0

[Event "4NCL Division 2c"]
[Site "Birmingham, ENG"]
[Date "2016.03.20"]
[Round "8.228"]
[White "Young, Daniel J"]
[Black "Herring, Samuel"]
[Result "1-0"]
[WhiteElo "1952"]
[BlackElo "2035"]
[PlyCount "43"]
[EventDate "2016.03.20"]
[WhiteTeam "Downend & Fishponds"]
[BlackTeam "Celtic Tigers 1"]

1. e4 e6 2. d4 d5 3. Nc3 Nf6 4. e5 Nfd7 5. f4 c5 6. Nf3 Nc6 7. Be3 a6 8. Qd2 b5
9. dxc5 Bxc5 10. Bd3 d4 11. Nxd4 Nxd4 12. Ne4 Bb6 13. Nd6+ Kf8 14. Be4 Nxc2+
15. Bxc2 g6 16. Be4 Rb8 17. Rc1 Kg7 18. O-O Bxe3+ 19. Qxe3 Nb6 20. Rfd1 Qe7 21.
Qc5 Nc4 22. Nf5+ 1-0

[Event "4NCL Division 2c"]
[Site "Birmingham, ENG"]
[Date "2016.03.20"]
[Round "8.231"]
[White "Okike, David"]
[Black "Mayhew, Andrew"]
[Result "0-1"]
[WhiteElo "2212"]
[BlackElo "2335"]
[PlyCount "96"]
[EventDate "2016.03.20"]
[WhiteTeam "Kings Head"]
[BlackTeam "Anglian Avengers 1"]

1. e4 c5 2. Nf3 d6 3. d4 cxd4 4. Nxd4 Nf6 5. Nc3 a6 6. Bg5 e6 7. Qd2 h6 8. Bxf6
Qxf6 9. O-O-O Nc6 10. Nb3 Qd8 11. f4 Be7 12. Kb1 b5 13. g4 Bb7 14. Bg2 Qb6 15.
Rhf1 O-O-O 16. Ne2 Kb8 17. Ned4 Nxd4 18. Nxd4 Rc8 19. Rfe1 Rc4 20. Bf1 Rc5 21.
Bd3 Rhc8 22. Nb3 R5c7 23. Na5 Ba8 24. Nb3 b4 25. Qe2 Ka7 26. Nd2 d5 27. e5 a5
28. Nf3 a4 29. h4 b3 30. Rc1 bxa2+ 31. Kxa2 Rc3 32. Rb1 Qb4 33. Ra1 Rb8 34.
Qe3+ Bc5 35. Qc1 d4 36. Nd2 Bd5+ 37. Kb1 a3 38. Ne4 a2+ 39. Rxa2+ Bxa2+ 40.
Kxa2 Qa5+ 41. Kb1 Ra3 42. c3 Ra1+ 43. Kc2 Qa4+ 44. Kd2 Rxc1 45. Rxc1 Rxb2+ 46.
Ke1 Bb6 47. Nd6 dxc3 48. Nc4 Rh2 0-1

[Event "4NCL Division 2c"]
[Site "Birmingham, ENG"]
[Date "2016.03.20"]
[Round "8.232"]
[White "Lewis, Andrew P"]
[Black "Guthrie, David"]
[Result "1/2-1/2"]
[WhiteElo "2288"]
[BlackElo "2189"]
[PlyCount "21"]
[EventDate "2016.03.20"]
[WhiteTeam "Anglian Avengers 1"]
[BlackTeam "Kings Head"]

1. Nf3 Nf6 2. c4 e6 3. Nc3 d5 4. d4 dxc4 5. e4 Bb4 6. Bg5 c5 7. d5 Qa5 8. Bd2
exd5 9. exd5 O-O 10. Bxc4 Re8+ 11. Kf1 1/2-1/2

[Event "4NCL Division 2c"]
[Site "Birmingham, ENG"]
[Date "2016.03.20"]
[Round "8.233"]
[White "McMichael, Richard J"]
[Black "Talsma, Paul"]
[Result "1-0"]
[WhiteElo "2189"]
[BlackElo "2237"]
[PlyCount "126"]
[EventDate "2016.03.20"]
[WhiteTeam "Kings Head"]
[BlackTeam "Anglian Avengers 1"]

1. b3 e5 2. Bb2 d6 3. e3 f5 4. d4 e4 5. c4 Nf6 6. Nc3 c6 7. d5 Be7 8. Nh3 O-O
9. Nf4 Na6 10. Be2 Nc7 11. h4 Rb8 12. h5 Bd7 13. Qd2 a6 14. dxc6 bxc6 15. O-O-O
Ne6 16. g3 Nc5 17. Kb1 a5 18. Ba3 Qb6 19. Ka1 Ne8 20. g4 Bf6 21. Rb1 fxg4 22.
Rhg1 Rf7 23. Rb2 Kh8 24. Bxg4 Bxg4 25. Rxg4 Nc7 26. h6 Ne8 27. Kb1 Be5 28.
hxg7+ Rxg7 29. Rxg7 Nxg7 30. b4 axb4 31. Bxb4 Qc7 32. Bxc5 dxc5 33. Rxb8+ Qxb8+
34. Kc2 Qe8 35. Nfe2 Bc7 36. Ng3 Bxg3 37. fxg3 Qe7 38. a4 Nf5 39. Qf2 Nd6 40.
Kb3 Qb7+ 41. Kc2 Qe7 42. Qf4 Nxc4 43. Nxe4 Nb6 44. Nc3 Nd5 45. Nxd5 cxd5 46. a5
Kg7 47. a6 d4 48. Qg4+ Kf7 49. Qf3+ Kg6 50. Qg4+ Kf7 51. Qh4 Qe6 52. Qxh7+ Kf8
53. a7 Qc4+ 54. Kd2 Qc3+ 55. Kd1 Qb3+ 56. Qc2 Qd5 57. exd4 Qxd4+ 58. Ke2 Qe5+
59. Kf2 Qd4+ 60. Kg2 Qd5+ 61. Kh2 Qh5+ 62. Kg1 Qd5 63. Qg2 Qd4+ 1-0

[Event "4NCL Division 2c"]
[Site "Birmingham, ENG"]
[Date "2016.03.20"]
[Round "8.234"]
[White "Gallagher, Daniel GH"]
[Black "Wittmann, Jochen"]
[Result "1/2-1/2"]
[WhiteElo "2125"]
[BlackElo "2092"]
[PlyCount "97"]
[EventDate "2016.03.20"]
[WhiteTeam "Anglian Avengers 1"]
[BlackTeam "Kings Head"]

1. d4 f5 2. Bg5 g6 3. Nd2 Nh6 4. Ngf3 Nf7 5. Bf4 Bg7 6. e4 fxe4 7. Nxe4 d5 8.
Ng3 O-O 9. Bd3 Bg4 10. Be2 c5 11. O-O Bxf3 12. Bxf3 cxd4 13. c4 dxc3 14. bxc3
e6 15. Rb1 Bxc3 16. Qb3 Be5 17. Qxb7 Nd7 18. Be3 Nd6 19. Qa6 Qc8 20. Qa4 Nb6
21. Qg4 Nbc4 22. Bh6 Re8 23. h4 Bxg3 24. Qxg3 Nf5 25. Qf4 Nxh6 26. Qxh6 Qd7 27.
Rfc1 Rab8 28. h5 Qf7 29. Rxb8 Rxb8 30. hxg6 Qxg6 31. Qf4 Rf8 32. Qg4 Qxg4 33.
Bxg4 Kf7 34. Be2 Rc8 35. Bxc4 Rxc4 36. Rb1 Ra4 37. Rb7+ Kg6 38. Re7 Kf5 39.
Rxh7 Rxa2 40. Rf7+ Ke4 41. g4 d4 42. Kf1 d3 43. Ke1 a5 44. g5 Ra1+ 45. Kd2 Rg1
46. f3+ Kd4 47. Rf4+ Ke5 48. Ra4 Kf5 49. Rxa5+ 1/2-1/2

[Event "4NCL Division 2c"]
[Site "Birmingham, ENG"]
[Date "2016.03.20"]
[Round "8.235"]
[White "Davey, Mark"]
[Black "Bayford, Jim R"]
[Result "1-0"]
[WhiteElo "2046"]
[BlackElo "2132"]
[PlyCount "64"]
[EventDate "2016.03.20"]
[WhiteTeam "Kings Head"]
[BlackTeam "Anglian Avengers 1"]

1. e4 e6 2. d4 d5 3. Nd2 Nf6 4. e5 Nfd7 5. Bd3 c5 6. c3 Nc6 7. Ne2 Qb6 8. Nf3
cxd4 9. cxd4 f6 10. exf6 Nxf6 11. O-O Bd6 12. Bf4 Bxf4 13. Nxf4 O-O 14. Qd2 Bd7
15. Rfe1 Nb4 16. Bb1 Rae8 17. Ng5 Re7 18. a3 Nc6 19. Qd3 g6 20. Nf3 Ne4 21. Qe3
Ref7 22. Nd3 Be8 23. b4 Ne7 24. Nc5 Nf5 25. Qc1 Nxc5 26. dxc5 Qa6 27. Ne5 Re7
28. a4 b6 29. b5 Qa5 30. c6 Rc7 31. Bxf5 Rxf5 32. Ng4 Kg7 1-0

[Event "4NCL Division 2c"]
[Site "Birmingham, ENG"]
[Date "2016.03.20"]
[Round "8.236"]
[White "Gregory, Stephen J"]
[Black "Mackenzie, Colin"]
[Result "0-1"]
[WhiteElo "2117"]
[BlackElo "2047"]
[PlyCount "120"]
[EventDate "2016.03.20"]
[WhiteTeam "Anglian Avengers 1"]
[BlackTeam "Kings Head"]

1. e4 e6 2. d3 d5 3. Nd2 Nf6 4. Ngf3 b6 5. g3 Bb7 6. Bg2 dxe4 7. Ng5 Nbd7 8.
Ngxe4 Nxe4 9. dxe4 a5 10. O-O Be7 11. Re1 O-O 12. Nf1 Nc5 13. Bf4 Qxd1 14.
Raxd1 Rac8 15. h4 Rfd8 16. Rxd8+ Bxd8 17. f3 h6 18. Rd1 Bf6 19. b3 g5 20. hxg5
hxg5 21. Be3 Na6 22. a3 Rd8 23. Rxd8+ Bxd8 24. Nd2 Be7 25. Nc4 f6 26. Kf2 Nc5
27. b4 axb4 28. axb4 Nd7 29. c3 Ba6 30. Bf1 Bb7 31. Bd3 Kf7 32. Ke2 Bc8 33. Kd2
Bb7 34. Kc2 Bd8 35. f4 gxf4 36. gxf4 e5 37. f5 Be7 38. Nd2 Ke8 39. Bb5 c6 40.
Bc4 b5 41. Bd3 Kd8 42. Kb3 Kc7 43. Ka3 Ba6 44. c4 Nb6 45. Kb3 bxc4+ 46. Nxc4
Nxc4 47. Bxc4 Bb5 48. Kc3 Kb7 49. Bc5 Bxc5 50. bxc5 Ka6 51. Bb3 Ka5 52. Bc2 Bf1
53. Bb1 Kb5 54. Bc2 Kxc5 55. Bb1 Kb5 56. Bc2 c5 57. Bb3 c4 58. Bd1 Bg2 59. Bc2
Bf3 60. Bb1 Be2 0-1

[Event "4NCL Division 2c"]
[Site "Birmingham, ENG"]
[Date "2016.03.20"]
[Round "8.237"]
[White "Disu, Kayode"]
[Black "Wooldridge, Leon M"]
[Result "1-0"]
[WhiteElo "1945"]
[BlackElo "2110"]
[PlyCount "131"]
[EventDate "2016.03.20"]
[WhiteTeam "Kings Head"]
[BlackTeam "Anglian Avengers 1"]

1. d4 Nf6 2. c4 c5 3. Nf3 cxd4 4. Nxd4 e5 5. Nc2 Qc7 6. e3 b6 7. Be2 Bb7 8. O-O
Be7 9. f3 O-O 10. Nc3 a6 11. e4 d6 12. Be3 Nbd7 13. Qd2 Rac8 14. Rfd1 Rfd8 15.
Nb4 Nf8 16. Rac1 N8d7 17. Bf1 Qb8 18. Na4 Bc6 19. Nxc6 Rxc6 20. Nc3 h6 21. Nd5
Nxd5 22. cxd5 Rxc1 23. Rxc1 Qb7 24. Rc6 Nb8 25. Rxb6 Qc7 26. Bxa6 Bg5 27. Bf1
Qa7 28. a3 Nd7 29. Rb3 Nc5 30. Qf2 Qa4 31. Rb4 Qd1 32. Bxg5 hxg5 33. Qe2 Qb1
34. h3 Nd7 35. Qb5 Nf6 36. Rc4 Qe1 37. Qb6 Re8 38. Rc7 Nh5 39. Qf2 Qa5 40. Rc6
Rd8 41. Qb6 Qa8 42. Rxd6 Rxd6 43. Qxd6 Qa7+ 44. Kh2 f6 45. Qe6+ Kh7 46. d6 Qe3
47. Qg4 g6 48. d7 Qd2 49. Bc4 Ng7 50. Bd5 Qa5 51. b4 Qd8 52. Bc6 f5 53. Qg3 f4
54. Qf2 g4 55. fxg4 Ne6 56. h4 Nd4 57. b5 Nc2 58. Kh3 Ne3 59. Qd2 Kg7 60. Qd6
f3 61. Qxe5+ Kh7 62. gxf3 Qf8 63. Qg3 Nc4 64. f4 Nxa3 65. d8=Q g5 66. Qxf8 1-0

[Event "4NCL Division 2c"]
[Site "Birmingham, ENG"]
[Date "2016.03.20"]
[Round "8.238"]
[White "Myall, Ivan J"]
[Black "Zhang, Harvey Y"]
[Result "1-0"]
[WhiteElo "2087"]
[BlackElo "1725"]
[PlyCount "103"]
[EventDate "2016.03.20"]
[WhiteTeam "Anglian Avengers 1"]
[BlackTeam "Kings Head"]

1. e4 c5 2. c3 Nf6 3. e5 Nd5 4. d4 cxd4 5. Nf3 Nc6 6. cxd4 d6 7. Bc4 Nb6 8. Bb5
d5 9. O-O Bg4 10. h3 Bh5 11. b3 e6 12. Ba3 Bxa3 13. Nxa3 O-O 14. Nc2 Rc8 15.
Bd3 f5 16. Be2 Qe7 17. Qd2 f4 18. Nfe1 Bxe2 19. Qxe2 Nb4 20. Nxb4 Qxb4 21. Rd1
a5 22. Qg4 Rc6 23. Nf3 Qe7 24. Rc1 Qd7 25. Ng5 Rf5 26. h4 Qc8 27. Qd1 h6 28.
Nf3 Rf7 29. Rxc6 Qxc6 30. Qd2 Rf8 31. Rc1 Qb5 32. Rc5 Qd7 33. Qxa5 Na8 34. Qc3
Kf7 35. Qc2 Ke8 36. Rc8+ Kf7 37. Rxf8+ Kxf8 38. Qc1 Qc7 39. Qxf4+ Kg8 40. h5
Qc2 41. Qd2 Qb1+ 42. Ne1 b6 43. Kf1 Kf7 44. Qc2 Qa1 45. Qg6+ Kf8 46. Qxe6 Qxa2
47. Qxd5 Qa6+ 48. Kg1 Qe2 49. Qxa8+ Ke7 50. Qb7+ Ke6 51. d5+ Kf5 52. Qf7+ 1-0

[Event "4NCL Division 2c"]
[Site "Birmingham, ENG"]
[Date "2016.03.20"]
[Round "8.241"]
[White "Foisor, Mihaela-Veronica"]
[Black "Harakis, Alexis M"]
[Result "1-0"]
[WhiteElo "2241"]
[BlackElo "2240"]
[PlyCount "85"]
[EventDate "2016.03.20"]
[WhiteTeam "Grantham Sharks 2"]
[BlackTeam "KJCA Kings"]

1. d4 d5 2. c4 e6 3. Nc3 Nf6 4. cxd5 exd5 5. Bg5 c6 6. e3 Bf5 7. Qf3 Bg6 8.
Bxf6 Qxf6 9. Qxf6 gxf6 10. h4 Nd7 11. Be2 Rg8 12. Nh3 Bd6 13. g3 O-O-O 14. Nf4
Bxf4 15. gxf4 Bf5 16. Bf3 Nb6 17. b3 Kb8 18. Ke2 Rg7 19. Rag1 Rdg8 20. Rxg7
Rxg7 21. Kf1 Nc8 22. Rg1 Bh3+ 23. Bg2 Rxg2 24. Rxg2 Nd6 25. Kg1 Bxg2 26. Kxg2
Nf5 27. Kh3 h5 28. Ne2 a5 29. f3 a4 30. e4 axb3 31. axb3 Ng7 32. f5 Kc7 33. Kg3
Kb6 34. Kf4 Ne8 35. Ng3 Ng7 36. e5 c5 37. exf6 Ne8 38. dxc5+ Kxc5 39. Nxh5 d4
40. Ke5 d3 41. Nf4 d2 42. Nd3+ Kc6 43. Nf2 1-0